000 00719nam a2200241Ia 4500
005 20260430150025.0
008 008 250103s9999 xx 000 0 eng d
037 _aTheses
040 _aCRL
040 _beng
040 _ceng
041 _2eng
041 _aeng
084 _qCRL
100 _aBalan Biji Au.; Singh Dileep Kumar Gu.
_91236228
245 0 _aPhysico-chemical characterization and development of analytical method using FTIR coupled with chemometrics to assess the quality and authenticity of cow milk
260 _c2021
300 _a130p.
650 _aZoology
700 _aUniversity of Delhi. Faculty of Science. Department of Zoology
942 _cTH
999 _c1848757
_d1848757